[Event "FIDE World Bl Team Pool B"]
[Site "London ENG"]
[Date "2025.06.14"]
[Round "7.4"]
[White "Wanyama, Harold"]
[Black "McShane, Luke J"]
[Result "0-1"]
[WhiteTitle "FM"]
[BlackTitle "GM"]
[WhiteElo "2143"]
[BlackElo "2615"]
[WhiteTeam "Mother Continent"]
[BlackTeam "Malcolm's Mates"]
[WhiteFideId "10000380"]
[BlackFideId "404853"]
[EventDate "2025.06.14"]
[EventType "team"]

1. d4 Nf6 2. c4 g6 3. Nc3 Bg7 4. e4 O-O 5. h3 d6 6. Be3 e5 7. d5 a5 8. g4 Na6 9.
Nge2 h5 10. f3 c6 11. Ng3 h4 12. Nge2 Nd7 13. dxc6 Ndc5 14. cxb7 Bxb7 15. Qd2
Nb4 16. Nc1 Nc6 17. Nb5 Ne6 18. Ne2 Qf6 19. Bg2 Rfd8 20. O-O Ba6 21. Nec3 Bf8
22. Rad1 Rab8 23. Nd5 Qh8 24. Bb6 Rd7 25. g5 Bg7 26. a4 0-1

[Event "FIDE World Bl Team Pool B"]
[Site "London ENG"]
[Date "2025.06.14"]
[Round "7.5"]
[White "Bulmaga, Irina"]
[Black "QUICKPEN, Deborah Ebimobo-ere"]
[Result "1/2-1/2"]
[WhiteTitle "IM"]
[BlackTitle "WCM"]
[WhiteElo "2393"]
[BlackElo "2081"]
[WhiteTeam "Malcolm's Mates"]
[BlackTeam "Mother Continent"]
[WhiteFideId "13903063"]
[BlackFideId "8511616"]
[EventDate "2025.06.14"]
[EventType "team"]

1. e4 c5 2. c3 d5 3. exd5 Qxd5 4. d4 Nc6 5. Nf3 Bg4 6. Be2 e6 7. Be3 cxd4 8.
cxd4 Nf6 9. Nc3 Bb4 10. O-O Qd7 11. h3 Bf5 12. a3 Bxc3 13. bxc3 O-O 14. Bb5 Qd6
15. a4 a6 16. Bd3 Be4 17. Be2 Rac8 18. a5 Nd5 19. Bd2 Nf4 20. Bxf4 Qxf4 21. g3
Qf5 22. Kh2 Ne7 23. Nh4 Qf6 24. Qd2 Rfd8 25. Ng2 Bxg2 26. Kxg2 e5 27. Rfd1 exd4
28. cxd4 Rd6 29. Bf3 Nc6 30. Bxc6 Rcxc6 31. Rab1 Rc7 32. Qe3 h6 33. Qe8+ Kh7 34.
Qe4+ Qg6 35. Qf3 Rxd4 36. Rxd4 Qxb1 37. Rf4 f6 38. Qe4+ Qxe4+ 39. Rxe4 Rc5 40.
Re7 Rxa5 41. Rxb7 Rb5 42. Ra7 Ra5 43. h4 Ra3 44. h5 a5 45. g4 Kg8 46. Ra8+ Kf7
47. Ra7+ Kg8 48. Ra8+ Kh7 49. Kh2 a4 50. Kg2 Ra2 51. Kg3 a3 52. Kf4 Rxf2+ 53.
Ke4 a2 54. Ke3 Rg2 55. Kf3 Rb2 56. Kg3 Rb3+ 57. Kg2 Rb2+ 58. Kg3 1/2-1/2

[Event "FIDE World Bl Team Pool B"]
[Site "London ENG"]
[Date "2025.06.14"]
[Round "7.6"]
[White "Amoako Philip Selikem Yao"]
[Black "Omarov, Murat"]
[Result "0-1"]
[WhiteElo "1948"]
[BlackElo "1823"]
[WhiteTeam "Mother Continent"]
[BlackTeam "Malcolm's Mates"]
[WhiteFideId "12602256"]
[BlackFideId "13731173"]
[EventDate "2025.06.14"]
[EventType "team"]

1. e4 c5 2. Nc3 Nc6 3. g3 g6 4. Bg2 Bg7 5. d3 e6 6. Be3 Nd4 7. Nge2 Ne7 8. Qd2
Nec6 9. O-O O-O 10. f4 b5 11. Rab1 Rb8 12. Nd1 b4 13. h3 a5 14. g4 f5 15. Ng3
Ba6 16. Nf2 d5 17. e5 Qh4 18. Ne2 Qe7 19. Ng3 Rfd8 20. c3 Nb5 21. Qc2 Rbc8 22.
Rfd1 fxg4 23. hxg4 g5 24. d4 cxd4 25. cxd4 Ncxd4 26. Qd3 Nc6 27. Bb6 Rf8 28.
Rbc1 gxf4 29. Bc5 Qf7 30. Bxf8 Qxf8 31. Nh5 Bxe5 32. Re1 Qd6 33. Qh3 Bxb2 34.
Rc2 Bd4 35. Qf3 Rf8 36. Kh1 Ne5 37. Qh3 f3 38. Bf1 Nc3 39. Bxa6 Qxa6 40. g5 Ng6
41. Qxe6+ Qxe6 42. Rxe6 Ne2 43. Nf6+ Bxf6 44. gxf6 Nd4 45. Ra6 Nxc2 46. Rxa5
Rxf6 47. Rxd5 Ra6 48. Rd2 Rxa2 49. Nd3 b3 50. Rf2 Nb4 51. Rxf3 Nxd3 52. Rxd3 b2
53. Rd8+ Nf8 54. Rd1 Ra1 55. Rxa1 bxa1=Q+ 56. Kg2 Qc3 57. Kf2 Qd3 58. Kg2 Qe3
59. Kf1 Qd2 60. Kg1 Qe2 61. Kh1 Kg7 62. Kg1 Kg6 63. Kh1 Kg5 64. Kg1 Kg4 65. Kh1
Kg3 66. Kg1 Qe1# 0-1

[Event "FIDE World Bl Team Pool B"]
[Site "London ENG"]
[Date "2025.06.14"]
[Round "7.1"]
[White "Rodshtein, Maxim"]
[Black "Murawski, Jan"]
[Result "1/2-1/2"]
[WhiteTitle "GM"]
[BlackTitle "CM"]
[WhiteElo "2645"]
[BlackElo "2164"]
[WhiteTeam "Rishon LeZion Chess Club"]
[BlackTeam "UK Chess Challenge Masters"]
[WhiteFideId "2806851"]
[BlackFideId "21009287"]
[EventDate "2025.06.14"]
[EventType "team"]

1. d4 Nf6 2. c4 a6 3. f3 b5 4. cxb5 axb5 5. e4 b4 6. Be3 e6 7. Nd2 Be7 8. Nh3 d6
9. Nf2 Nbd7 10. Bd3 c5 11. dxc5 Nxc5 12. Bxc5 dxc5 13. O-O O-O 14. Qc2 Nd7 15.
Nc4 Bf6 16. Kh1 Bd4 17. Rfd1 Qf6 18. Ng4 Qg5 19. a4 bxa3 20. Rxa3 Bb7 21. Nd6
Bc6 22. Bb5 Bxb5 23. Nxb5 Ne5 24. Nxe5 Qxe5 25. Rxa8 Rxa8 26. Na3 Bxb2 27. Nc4
Qc3 28. Qxc3 Bxc3 29. h4 h5 30. Rd7 Ra4 31. Nd6 Ra1+ 32. Kh2 Be5+ 33. g3 Ra2+
34. Kh3 Bxd6 35. Rxd6 Rc2 36. Rd7 g6 37. e5 Kg7 38. Rc7 c4 39. g4 hxg4+ 40. Kxg4
c3 41. Kf4 Rc1 42. Rc8 c2 43. Rc7 Kf8 44. Rc8+ Kg7 45. Rc7 Rh1 46. Rxc2 Rxh4+
47. Kg3 Ra4 48. f4 g5 49. fxg5 Re4 50. Rc5 Kg6 51. Kf3 Ra4 52. Rc7 Rb4 53. Ke3
Rg4 54. Kf3 Rxg5 55. Kf4 Rg1 56. Ra7 Rf1+ 57. Ke4 Re1+ 58. Kf4 Kg7 59. Rb7 Rf1+
60. Ke4 Rd1 61. Ra7 Rb1 62. Ra4 Kg6 63. Kf4 Rf1+ 64. Ke4 Kg5 65. Ra7 Re1+ 66.
Kd4 Kg6 67. Rb7 Re2 68. Ra7 Kg7 69. Rb7 Re1 70. Ra7 Rf1 71. Ke4 Kg6 72. Rb7 Kg5
73. Ra7 Rf4+ 74. Ke3 Rf5 75. Ke4 Kg6 76. Rb7 Rh5 77. Ra7 Rh4+ 78. Ke3 Rb4 79.
Rc7 Ra4 80. Rb7 Kf5 81. Rxf7+ Kxe5 82. Rh7 Ra3+ 83. Ke2 Kd4 84. Rh4+ Kd5 85. Rg4
e5 86. Rh4 e4 87. Rh8 Ke5 1/2-1/2

[Event "FIDE World Bl Team Pool B"]
[Site "London ENG"]
[Date "2025.06.14"]
[Round "7.2"]
[White "Zhu, Pengxiao"]
[Black "Steinberg, Nitzan"]
[Result "0-1"]
[BlackTitle "GM"]
[WhiteElo "1938"]
[BlackElo "2554"]
[WhiteTeam "UK Chess Challenge Masters"]
[BlackTeam "Rishon LeZion Chess Club"]
[WhiteFideId "499307"]
[BlackFideId "2801795"]
[EventDate "2025.06.14"]
[EventType "team"]

1. d4 d5 2. c4 c6 3. cxd5 cxd5 4. Bf4 Nc6 5. e3 Nf6 6. Nc3 Bg4 7. Qb3 Na5 8.
Qa4+ Bd7 9. Qc2 Rc8 10. Bd3 e6 11. a3 Nc4 12. Nf3 Be7 13. O-O O-O 14. Bxc4 dxc4
15. Ne5 Be8 16. Rac1 Nd5 17. Bg3 b5 18. Rfd1 f6 19. Nf3 Bg6 20. Qd2 Qd7 21. Re1
a5 22. e4 Nxc3 23. Qxc3 b4 24. Qe3 Rfd8 25. d5 Bc5 26. Qe2 exd5 27. exd5 Qxd5
28. axb4 axb4 29. Kh1 Bd3 30. Qd2 Be4 31. Qf4 Bd3 32. Qg4 Re8 33. Bh4 Kh8 34.
Bg3 Rcd8 35. h4 c3 36. Rxe8+ Rxe8 37. bxc3 b3 38. Qa4 Ra8 39. Qf4 b2 40. Rd1
b1=Q 41. Rxb1 Bxb1 42. Qc7 Be4 43. c4 Qf5 44. Nd2 Qh3+ 0-1

[Event "FIDE World Bl Team Pool B"]
[Site "London ENG"]
[Date "2025.06.14"]
[Round "7.3"]
[White "Sokolovsky, Yahli"]
[Black "Sefton, Adam"]
[Result "1-0"]
[WhiteTitle "GM"]
[WhiteElo "2542"]
[BlackElo "2047"]
[WhiteTeam "Rishon LeZion Chess Club"]
[BlackTeam "UK Chess Challenge Masters"]
[WhiteFideId "2820242"]
[BlackFideId "343400965"]
[EventDate "2025.06.14"]
[EventType "team"]

1. b3 e5 2. Bb2 Nc6 3. e3 d5 4. Bb5 Bd6 5. f4 Qe7 6. Nc3 Be6 7. fxe5 Bxe5 8. Nf3
Bd6 9. Qe2 a6 10. Bxc6+ bxc6 11. e4 Nh6 12. O-O-O O-O 13. Rhe1 dxe4 14. Qxe4 Qd7
15. Ne5 Bxe5 16. Qxe5 Ng4 17. Qg5 f6 18. Qf4 Rfe8 19. Ne4 Qd5 20. h3 Nh6 21.
Nxf6+ gxf6 22. Qxf6 Nf5 23. g4 Rf8 24. Qh8+ Kf7 25. Qxh7+ Ke8 26. gxf5 Rxf5 27.
Qg8+ Kd7 28. Qxa8 Rf2 29. Qh8 c5 30. Qe5 Qc6 31. Qe4 Qb6 32. Re3 Bf5 33. Qe8+
Kd6 34. Be5+ Kd5 35. c4# 1-0

[Event "FIDE World Bl Team Pool B"]
[Site "London ENG"]
[Date "2025.06.14"]
[Round "7.4"]
[White "Longson, Sarah N"]
[Black "Bronstein, Or"]
[Result "0-1"]
[WhiteTitle "WFM"]
[BlackTitle "IM"]
[WhiteElo "1941"]
[BlackElo "2443"]
[WhiteTeam "UK Chess Challenge Masters"]
[BlackTeam "Rishon LeZion Chess Club"]
[WhiteFideId "2501465"]
[BlackFideId "2815770"]
[EventDate "2025.06.14"]
[EventType "team"]

1. e4 e6 2. d4 d5 3. Nc3 Bb4 4. exd5 exd5 5. Bd3 Nf6 6. Ne2 O-O 7. O-O Re8 8.
Bg5 c6 9. a3 Bd6 10. Bh4 Bxh2+ 11. Kxh2 Ng4+ 12. Kg3 g5 13. Rh1 Qd6+ 14. f4 Re3# 0-1

[Event "FIDE World Bl Team Pool B"]
[Site "London ENG"]
[Date "2025.06.14"]
[Round "7.5"]
[White "Lahav, Michal"]
[Black "Vaidyanathan, Adithya"]
[Result "1-0"]
[WhiteTitle "WIM"]
[WhiteElo "2143"]
[BlackElo "2111"]
[WhiteTeam "Rishon LeZion Chess Club"]
[BlackTeam "UK Chess Challenge Masters"]
[WhiteFideId "2813742"]
[BlackFideId "495450"]
[EventDate "2025.06.14"]
[EventType "team"]

1. e4 c5 2. c3 Nf6 3. e5 Nd5 4. Nf3 Nc6 5. Bc4 Nb6 6. Bb3 d6 7. exd6 Qxd6 8. O-O
Bg4 9. Bxf7+ Kxf7 10. Ng5+ Kg8 11. Qxg4 h6 12. Nf3 e5 13. Re1 Be7 14. d4 cxd4
15. cxd4 exd4 16. Bf4 Qd7 17. Qg6 Qe8 18. Qg3 Kh7 19. Nbd2 Qg6 20. Qh3 Bf6 21.
Ne4 Nd5 22. Bd2 Rhe8 23. Neg5+ Kg8 24. Ne6 Rac8 25. Rad1 d3 26. Nc5 b6 27. Ne4
Rxe4 28. Qxc8+ Kh7 29. Qxc6 Rxe1+ 30. Rxe1 Ne7 31. Qe4 Nf5 32. Qxd3 Bxb2 33. g3
Bf6 34. Qe4 h5 35. Kh1 Bb2 36. Ng5+ 1-0

[Event "FIDE World Bl Team Pool B"]
[Site "London ENG"]
[Date "2025.06.14"]
[Round "7.6"]
[White "Veselow, Zoe"]
[Black "Raiko, Yossi"]
[Result "1-0"]
[WhiteElo "1761"]
[BlackElo "1963"]
[WhiteTeam "UK Chess Challenge Masters"]
[BlackTeam "Rishon LeZion Chess Club"]
[WhiteFideId "497657"]
[BlackFideId "2835711"]
[EventDate "2025.06.14"]
[EventType "team"]

1. e4 c6 2. d4 d5 3. exd5 cxd5 4. c4 Nf6 5. Nc3 g6 6. Nf3 Bg7 7. Bd3 dxc4 8.
Bxc4 O-O 9. O-O a6 10. h3 b5 11. Bd3 Bb7 12. Be3 Nd5 13. Nxd5 Qxd5 14. Bc2 Nc6
15. Bb3 Qd7 16. Qd2 Rad8 17. Rfd1 e6 18. Bh6 Bxh6 19. Qxh6 f6 20. d5 Na5 21.
dxe6 Qe7 22. Qe3 Nxb3 23. Qxb3 Bxf3 24. gxf3 Rfe8 25. Rd7 Qc5 26. e7+ Kh8 27.
exd8=Q Qg5+ 28. Kh1 1-0

[Event "FIDE World Bl Team Pool B"]
[Site "London ENG"]
[Date "2025.06.14"]
[Round "7.1"]
[White "Martinez Alcantara, Jose Eduardo"]
[Black "Harvey, Marcus R"]
[Result "1-0"]
[WhiteTitle "GM"]
[BlackTitle "IM"]
[WhiteElo "2611"]
[BlackElo "2445"]
[WhiteTeam "Theme International Trading"]
[BlackTeam "Wood Green"]
[WhiteFideId "3805662"]
[BlackFideId "400092"]
[EventDate "2025.06.14"]
[EventType "team"]

1. c4 f5 2. g3 Nf6 3. Bg2 g6 4. Nc3 Bg7 5. d3 e5 6. e4 fxe4 7. dxe4 O-O 8. Nge2
d6 9. O-O Be6 10. b3 Qd7 11. Be3 Bh3 12. Bxh3 Qxh3 13. f3 Bh6 14. Qd2 Bxe3+ 15.
Qxe3 Nc6 16. Rf2 Rf7 17. Raf1 Raf8 18. Nd5 b6 19. Nxf6+ Rxf6 20. a3 Kg7 21. Qd2
h5 22. Qe3 Kh7 23. b4 R6f7 24. c5 Nd8 25. cxd6 cxd6 26. f4 exf4 27. Nxf4 Qg4 28.
Nd5 Rxf2 29. Rxf2 Qd1+ 30. Kg2 Ne6 31. Rxf8 Nxf8 32. Qf2 Kg8 33. Qa2 Kg7 34.
Qb2+ Kg8 35. Qa2 Kg7 36. Ne7 Ne6 37. Qxe6 Qe2+ 38. Kg1 Qe1+ 39. Kg2 Qe2+ 40. Kh3
Qf1+ 41. Kh4 1-0

[Event "FIDE World Bl Team Pool B"]
[Site "London ENG"]
[Date "2025.06.14"]
[Round "7.2"]
[White "Willow, Jonah B"]
[Black "Jumabayev, Rinat"]
[Result "1/2-1/2"]
[WhiteTitle "IM"]
[BlackTitle "GM"]
[WhiteElo "2470"]
[BlackElo "2546"]
[WhiteTeam "Wood Green"]
[BlackTeam "Theme International Trading"]
[WhiteFideId "438804"]
[BlackFideId "13702661"]
[EventDate "2025.06.14"]
[EventType "team"]

1. e4 e5 2. Nf3 Nc6 3. Bb5 a6 4. Ba4 Nf6 5. O-O d6 6. c3 Bd7 7. Re1 g6 8. d4 Bg7
9. h3 O-O 10. Bc2 Re8 11. Nbd2 a5 12. Nf1 a4 13. Ng3 b5 14. Be3 Qb8 15. a3 Na5
16. dxe5 dxe5 17. Nd2 Be6 18. Qe2 c6 19. Rad1 Qc7 20. Ngf1 Nh5 21. Kh2 Nf4 22.
Bxf4 exf4 23. Kg1 Rad8 24. Nh2 h6 25. Ndf1 Nc4 26. Bb1 c5 27. Ba2 Qc6 28. Rxd8
Rxd8 29. Bxc4 Bxc4 30. Qf3 Qc7 31. Rd1 Rxd1 32. Qxd1 Bb3 33. Qd2 g5 34. Nf3 Qe7
35. Qd3 b4 36. cxb4 cxb4 37. axb4 Bxb2 38. N1d2 Qxb4 39. e5 Be6 40. Ne4 Qb8 41.
Nf6+ Kf8 42. Qh7 Ke7 43. Ng8+ Kd7 44. Nf6+ Ke7 45. Ng8+ Kd7 46. Nf6+ Ke7 1/2-1/2

[Event "FIDE World Bl Team Pool B"]
[Site "London ENG"]
[Date "2025.06.14"]
[Round "7.3"]
[White "Le, Tuan Minh"]
[Black "Czopor, Maciej"]
[Result "1-0"]
[WhiteTitle "GM"]
[BlackTitle "IM"]
[WhiteElo "2598"]
[BlackElo "2423"]
[WhiteTeam "Theme International Trading"]
[BlackTeam "Wood Green"]
[WhiteFideId "12401153"]
[BlackFideId "21805431"]
[EventDate "2025.06.14"]
[EventType "team"]

1. d4 Nf6 2. Nf3 g6 3. Nbd2 Bg7 4. e4 d6 5. Bb5+ c6 6. Bd3 O-O 7. O-O Nbd7 8. c3
e5 9. Re1 Qc7 10. Nf1 Re8 11. Ng3 h6 12. h3 b6 13. Be3 Bb7 14. Qd2 Kh7 15. Rad1
Rad8 16. Qc1 d5 17. dxe5 Nxe4 18. Nxe4 dxe4 19. Bxe4 Nxe5 20. Rxd8 Nxf3+ 21.
Bxf3 Qxd8 22. a4 Qe7 23. a5 Qc7 24. axb6 axb6 25. Qa1 Ra8 26. Qd1 c5 27. Bxb7
Qxb7 28. Qd6 Re8 29. Rd1 Re6 30. Qd7 Qxd7 31. Rxd7 f5 32. h4 Kg8 33. Kf1 Bf6 34.
g3 g5 35. hxg5 hxg5 36. Rd5 f4 37. gxf4 gxf4 38. Bxf4 Kf7 39. Be3 Kg6 40. Ke2
Be7 41. Kd3 Rf6 42. Kc4 Kf7 43. Kb5 Ke6 44. Rd2 Ke5 45. Bg5 Re6 1-0

[Event "FIDE World Bl Team Pool B"]
[Site "London ENG"]
[Date "2025.06.14"]
[Round "7.4"]
[White "Wadsworth, Matthew J"]
[Black "Tin, Jingyao"]
[Result "0-1"]
[WhiteTitle "IM"]
[BlackTitle "GM"]
[WhiteElo "2481"]
[BlackElo "2583"]
[WhiteTeam "Wood Green"]
[BlackTeam "Theme International Trading"]
[WhiteFideId "415804"]
[BlackFideId "5804418"]
[EventDate "2025.06.14"]
[EventType "team"]

1. c4 e5 2. g3 Nf6 3. Bg2 c6 4. Nf3 e4 5. Nd4 Qb6 6. Nb3 a5 7. d3 a4 8. N3d2 e3
9. fxe3 Ng4 10. Nf1 Bb4+ 11. Bd2 O-O 12. Bxb4 Qxb4+ 13. Qd2 Qe7 14. h3 Ne5 15.
Nc3 d6 16. e4 f5 17. exf5 Bxf5 18. Ne3 Bg6 19. O-O-O a3 20. Rhf1 axb2+ 21. Qxb2
Nxd3+ 22. exd3 Qxe3+ 23. Qd2 Qd4 24. Rxf8+ Kxf8 25. Rf1+ Kg8 26. Rf4 Qg1+ 27.
Rf1 Qc5 28. Qf2 Qa3+ 29. Qb2 Bxd3 30. Rd1 Bxc4 31. Qxa3 Rxa3 32. Kb2 Ra8 33.
Rxd6 Na6 34. Rd7 Nc5 35. Rc7 Rd8 36. Ne4 Nd3+ 37. Kc3 Ba6 38. Ng5 Nc5 39. Ne4
Rd3+ 40. Kc2 Nxe4 41. Bxe4 Rxg3 42. Bf5 g6 43. Be6+ Kh8 44. a4 Ra3 45. Bb3 Ra1
46. Kb2 Re1 47. Rd7 Re2+ 48. Ka3 Re3 49. Kb4 Rxh3 50. Bc4 Rh4 51. Rd8+ Kg7 0-1

[Event "FIDE World Bl Team Pool B"]
[Site "London ENG"]
[Date "2025.06.14"]
[Round "7.5"]
[White "Gong, Qianyun"]
[Black "Orlovska, Madara"]
[Result "1-0"]
[WhiteTitle "WGM"]
[WhiteElo "2228"]
[BlackElo "2059"]
[WhiteTeam "Theme International Trading"]
[BlackTeam "Wood Green"]
[WhiteFideId "8602425"]
[BlackFideId "11601825"]
[EventDate "2025.06.14"]
[EventType "team"]

1. e4 c5 2. Nf3 Nc6 3. Bb5 g6 4. O-O Bg7 5. c3 Nf6 6. Re1 O-O 7. d4 cxd4 8. cxd4
d5 9. e5 Ne4 10. Bxc6 bxc6 11. Be3 Rb8 12. Qc1 Qb6 13. b3 Bd7 14. Nfd2 Nxd2 15.
Qxd2 a5 16. Nc3 Bf5 17. Rac1 Rfc8 18. Na4 Qa7 19. h3 h5 20. Rc5 Rb5 21. Rec1 Bd7
22. R5c2 e6 23. Nc5 Bf8 24. Bg5 Rb4 25. Bf6 Kh7 26. a3 Bh6 27. Qd3 Rb5 28. Rb1
Rcb8 29. Qf3 Be8 30. g4 Bd7 31. gxh5 gxh5 32. Qxh5 Rg8+ 33. Kh1 Rg6 34. Rg1 Be8
35. f4 Qb8 36. Rcg2 Rxb3 37. Nxb3 Qxb3 38. Bg5 Qd3 39. Bxh6 Rxh6 40. Rg7+ Kh8
41. Qxh6+ 1-0

[Event "FIDE World Bl Team Pool B"]
[Site "London ENG"]
[Date "2025.06.14"]
[Round "7.6"]
[White "Barwick, Carmel"]
[Black "Zhang, Changjie"]
[Result "1-0"]
[WhiteElo "1915"]
[BlackElo "1808"]
[WhiteTeam "Wood Green"]
[BlackTeam "Theme International Trading"]
[WhiteFideId "442925"]
[BlackFideId "5801877"]
[EventDate "2025.06.14"]
[EventType "team"]

1. e4 e6 2. d4 d5 3. Nd2 c5 4. Ngf3 Nc6 5. Bb5 Qb6 6. Qe2 Bd7 7. exd5 Nxd4 8.
Bxd7+ Kxd7 9. Nxd4 cxd4 10. dxe6+ Qxe6 11. Qxe6+ fxe6 12. Nf3 Bc5 13. Bf4 Nf6
14. O-O-O Ne4 15. Be3 Ke7 16. Nxd4 Bxd4 17. Bxd4 Rad8 18. Rhe1 Nf6 19. Bxa7 Ra8
20. Bc5+ Kf7 21. a3 Rac8 22. Bb4 Nd5 23. Bd2 Rc6 24. c3 Rhc8 25. Re4 b5 26. Rde1
Nf6 27. Re5 b4 28. axb4 Ra6 29. Kc2 Rac6 30. Kb3 Nd5 31. f4 Rd8 32. g4 Nxb4 33.
cxb4 Rxd2 34. R1e2 Rd4 35. b5 Rb6 36. Rf2 Rd3+ 37. Kc4 Rd1 38. Kc5 Rb8 39. Rc2
Kf6 40. Kb4 Rf1 41. g5+ Kg6 42. Rxe6+ Kf5 43. Re7 Rxf4+ 44. Rc4 Rxc4+ 45. Kxc4
Kxg5 46. Rxg7+ Kh6 47. Rc7 Kg6 48. Kc5 h5 49. b6 Kf6 50. Kc6 Re8 51. Rh7 h4 52.
Rxh4 Re2 53. Rb4 Re6+ 54. Kb7 Ke7 55. Ka8 Re1 56. Rb3 Ra1+ 57. Ra3 Rb1 58. b7
Rxb2 59. b8=Q 1-0

[Event "FIDE World Bl Team Pool B"]
[Site "London ENG"]
[Date "2025.06.14"]
[Round "7.1"]
[White "Gallana, Marco"]
[Black "Ghasi, Ameet K"]
[Result "0-1"]
[BlackTitle "GM"]
[WhiteElo "2215"]
[BlackElo "2513"]
[WhiteTeam "Hammersmith Chess Club"]
[BlackTeam "Sharks 4NCL"]
[WhiteFideId "824542"]
[BlackFideId "409200"]
[EventDate "2025.06.14"]
[EventType "team"]

1. Nf3 Nf6 2. c4 g6 3. Nc3 Bg7 4. e4 d6 5. d4 O-O 6. Be2 Na6 7. O-O e5 8. Re1
Bg4 9. Be3 Bxf3 10. Bxf3 exd4 11. Bxd4 c6 12. Qd2 Re8 13. Rad1 Qe7 14. a3 Nc7
15. e5 dxe5 16. Rxe5 Ne6 17. Ree1 Rad8 18. Qc1 Qc7 19. Be5 Qc8 20. Rxd8 Qxd8 21.
h3 Nc5 22. Rd1 Qc8 23. Qf4 Ne6 24. Qg3 Rd8 25. Re1 Rd3 26. Qh2 Qd8 27. Bg4 Nf8
28. Bxf6 Qxf6 29. Qc7 Qd4 30. Qxb7 Rd2 31. Be2 Qf6 32. Bf3 Qd4 33. Be2 Qf4 34.
Bf3 Bd4 35. Ne4 Rxb2 36. Qxc6 Ne6 37. Qe8+ Kg7 38. Qd7 Ra2 39. Rd1 Qe5 40. Qd5
h5 41. g3 Bxf2+ 42. Nxf2 Qxg3+ 43. Bg2 Qxf2+ 44. Kh1 Nf4 45. Qe5+ Kh7 46. Qe4
Nxg2 0-1

[Event "FIDE World Bl Team Pool B"]
[Site "London ENG"]
[Date "2025.06.14"]
[Round "7.2"]
[White "Rendle, Thomas E"]
[Black "Villiers, Thomas"]
[Result "1-0"]
[WhiteTitle "IM"]
[BlackTitle "CM"]
[WhiteElo "2370"]
[BlackElo "2158"]
[WhiteTeam "Sharks 4NCL"]
[BlackTeam "Hammersmith Chess Club"]
[WhiteFideId "408760"]
[BlackFideId "427209"]
[EventDate "2025.06.14"]
[EventType "team"]

1. d4 d5 2. c4 c6 3. Nf3 Nf6 4. g3 e6 5. Bg2 Be7 6. O-O O-O 7. Nc3 Nbd7 8. Qd3
b6 9. e4 Ba6 10. b3 dxc4 11. bxc4 Nc5 12. Qc2 Bxc4 13. dxc5 Bxf1 14. Bxf1 Bxc5
15. Bf4 Qe7 16. e5 Nd5 17. Bg5 Qb7 18. Ne4 Be7 19. Rc1 c5 20. Bg2 h6 21. Bxe7
Qxe7 22. h4 Rfd8 23. Nd6 Rab8 24. Qe4 Nc7 25. h5 Ne8 26. Nc4 Rd7 27. Ne3 Rbd8
28. Bf1 Nc7 29. Kg2 Nd5 30. Nc4 Nb4 31. a3 Nd3 32. Rc3 b5 33. Bxd3 Rxd3 34. Rxd3
bxc4 35. Rxd8+ Qxd8 36. Qxc4 Qa5 37. a4 Qb6 38. Qb5 Qc7 39. Qc4 g6 40. hxg6 fxg6
41. Qxe6+ Kh7 42. Qd6 Qb7 43. e6 Kg7 44. Qd7+ Qxd7 45. exd7 Kf6 46. d8=Q+ Ke6
47. Qc7 Kd5 48. Kf1 1-0

[Event "FIDE World Bl Team Pool B"]
[Site "London ENG"]
[Date "2025.06.14"]
[Round "7.3"]
[White "Hill, Alistair"]
[Black "Purton, Ben J"]
[Result "0-1"]
[BlackTitle "FM"]
[WhiteElo "2178"]
[BlackElo "2173"]
[WhiteTeam "Hammersmith Chess Club"]
[BlackTeam "Sharks 4NCL"]
[WhiteFideId "432407"]
[BlackFideId "411132"]
[EventDate "2025.06.14"]
[EventType "team"]

1. d4 Nf6 2. c4 g6 3. Nf3 Bg7 4. e3 O-O 5. Be2 d6 6. O-O Nc6 7. Nc3 Re8 8. a3 e5
9. b4 exd4 10. exd4 Bg4 11. Be3 Ne4 12. Nxe4 Rxe4 13. b5 Nb8 14. h3 Bd7 15. Rb1
c6 16. a4 Re8 17. Qb3 Bf5 18. Rbd1 Nd7 19. Nd2 Nf6 20. Bf3 Ne4 21. Nxe4 Bxe4 22.
Bxe4 Rxe4 23. bxc6 bxc6 24. d5 c5 25. Rb1 Qd7 26. Qc2 Rae8 27. Rb3 f5 28. Rfb1
f4 29. Bd2 Qf5 30. Qd1 Bd4 31. Qf3 Re2 32. Bxf4 Rxf2 33. Qg3 Rxf4+ 34. Kh2 Be5
35. Kh1 Rf1+ 0-1

[Event "FIDE World Bl Team Pool B"]
[Site "London ENG"]
[Date "2025.06.14"]
[Round "7.4"]
[White "Hryshchenko, Kamila"]
[Black "Hanache, Kai"]
[Result "0-1"]
[WhiteTitle "WFM"]
[WhiteElo "2097"]
[BlackElo "2149"]
[WhiteTeam "Sharks 4NCL"]
[BlackTeam "Hammersmith Chess Club"]
[WhiteFideId "14147491"]
[BlackFideId "490105"]
[EventDate "2025.06.14"]
[EventType "team"]

1. e4 c5 2. Nc3 Nc6 3. f4 g6 4. Nf3 Bg7 5. Bc4 e6 6. d3 Nge7 7. O-O O-O 8. Qe1
d5 9. Bb3 b6 10. Qh4 Bb7 11. f5 exf5 12. exd5 Nd4 13. Bg5 f6 14. d6+ Nxb3 15.
dxe7 Qxe7 16. Rae1 fxg5 17. Nxg5 Bd4+ 18. Kh1 Qg7 19. axb3 Rfe8 20. Ne6 Qf6 21.
Qxf6 Bxf6 22. Nc7 Rxe1 23. Rxe1 Rd8 24. Re6 Kf7 25. Re1 a6 26. Ra1 Bxc3 27. bxc3
Rc8 28. Nd5 Bxd5 29. Rxa6 Ra8 30. Rxa8 Bxa8 31. Kg1 f4 32. Kf2 g5 33. d4 Ke6 34.
dxc5 bxc5 35. c4 Be4 36. c3 Bd3 37. Kf3 Kf5 38. h3 Be4+ 39. Kf2 h5 40. b4 cxb4
41. cxb4 Ke5 42. b5 Kd4 43. g3 Kxc4 44. h4 fxg3+ 45. Kxg3 g4 0-1

[Event "FIDE World Bl Team Pool B"]
[Site "London ENG"]
[Date "2025.06.14"]
[Round "7.5"]
[White "Aryaman Ganguly"]
[Black "McCarthy, Kevin C"]
[Result "1-0"]
[WhiteElo "1826"]
[BlackElo "1942"]
[WhiteTeam "Hammersmith Chess Club"]
[BlackTeam "Sharks 4NCL"]
[WhiteFideId "25981226"]
[BlackFideId "470775"]
[EventDate "2025.06.14"]
[EventType "team"]

1. e4 e5 2. Nf3 d5 3. d3 dxe4 4. dxe4 Qxd1+ 5. Kxd1 Bg4 6. Be2 Nc6 7. Nc3 O-O-O+
8. Ke1 Bb4 9. Bd2 Nf6 10. h3 Bxf3 11. Bxf3 Nd4 12. Bd1 c6 13. f3 Be7 14. Ne2 Nh5
15. Nxd4 exd4 16. Be2 Ng3 17. Rg1 Bh4 18. Kd1 Nxe2 19. Kxe2 Rhe8 20. g3 Bf6 21.
Rab1 b6 22. Rge1 Kc7 23. Bf4+ Be5 24. Bxe5+ Rxe5 25. Kf2 f6 26. Red1 c5 27. Rd2
Kc6 28. Rbd1 Rd7 29. c3 Ree7 30. cxd4 cxd4 31. Rxd4 Rxd4 32. Rxd4 Kc5 33. Rd1
Kc4 34. Ke3 a5 35. Rd4+ Kc5 36. Rd5+ Kc6 37. Kd4 h6 38. a4 Rf7 39. Kc4 Re7 40.
Rd8 Kb7 41. Kb5 Re5+ 42. Rd5 Re7 43. b3 Rc7 44. b4 axb4 45. Kxb4 Ka6 46. Rd6 Rc1
47. Rd7 Rb1+ 48. Kc4 Rc1+ 49. Kd5 Rd1+ 50. Ke6 Rxd7 51. Kxd7 Ka5 52. Kc6 1-0